Essentials of human anatomy and physiology
This book is designed to provide accurate information about the structure and function of the human body in a interesting and readable mannerIt is organized in 5 units: Unit 1 discusses the structure and function of cells and tissues; Unit 2 deals with the skeletal and muscular systems, which suppor...
Shranjeno v:
| Glavni avtor: | |
|---|---|
| Format: | Knjiga |
| Jezik: | Undetermined |
| Izdano: |
Dubuque, IA
W.C.Brown
1995
|
| Teme: | |
| Oznake: |
Označite
Brez oznak, prvi označite!
|
| Thư viện lưu trữ: | Trung tâm Học liệu Trường Đại học Cần Thơ |
|---|
| LEADER | 01220nam a2200205Ia 4500 | ||
|---|---|---|---|
| 001 | CTU_15345 | ||
| 008 | 210402s9999 xx 000 0 und d | ||
| 020 | |b 62.74df | ||
| 082 | |a 611 | ||
| 082 | |b H729 | ||
| 100 | |a John W Hole | ||
| 245 | 0 | |a Essentials of human anatomy and physiology | |
| 245 | 0 | |c John W Hole | |
| 260 | |a Dubuque, IA | ||
| 260 | |b W.C.Brown | ||
| 260 | |c 1995 | ||
| 520 | |a This book is designed to provide accurate information about the structure and function of the human body in a interesting and readable mannerIt is organized in 5 units: Unit 1 discusses the structure and function of cells and tissues; Unit 2 deals with the skeletal and muscular systems, which support and protect body parts and make movements possible; Unit 3 describes the nervous and endocrine systems which integrate and coordinate body function; Unit 4 discusses the digestive, respirator, circulatory, lymphatic, and urinary systems; Unit 5 describes male and female reproductive systems, their functions in producing offspring and the early growth and development of this offspring | ||
| 650 | |a human anatomy,human physiology | ||
| 904 | |i Minh, 180397 | ||
| 980 | |a Trung tâm Học liệu Trường Đại học Cần Thơ | ||